| 000 | 00475nam a22001812 4500 | ||
|---|---|---|---|
| 001 | 0000003328 | ||
| 005 | 20151217155820.0 | ||
| 008 | 070503s xx 000 0 eng d | ||
| 040 |
_aKABU _cKABU |
||
| 050 | 0 |
_aHX448.5 _b.A6N94 |
|
| 100 | 1 |
_aNyerere, Julius K. _@0000148959 |
|
| 245 | 1 | 0 | _aNyerere on socialism. |
| 260 |
_aNairobi : _bOUP, _c1969. |
||
| 300 | _avi, 58 p. | ||
| 908 | _a070503 | ||
| 950 | _@1 | ||
| 999 |
_c12815 _d12815 |
||